Programming In Java 2 (Record no. 311087)

MARC details
000 -LEADER
fixed length control field 00398nam a2200157Ia 4500
008 - FIXED-LENGTH DATA ELEMENTS--GENERAL INFORMATION
fixed length control field 230718s9999 xx 000 0 und d
041 ## - LANGUAGE CODE
Language code of text/sound track or separate title eng
082 ## - DEWEY DECIMAL CLASSIFICATION NUMBER
Classification number 005.2768
Item number SOM
100 ## - MAIN ENTRY--PERSONAL NAME
Personal name Somasundaram K.
245 ## - TITLE STATEMENT
Title Programming In Java 2
260 ## - PUBLICATION, DISTRIBUTION, ETC. (IMPRINT)
Date of publication, distribution, etc. 2005
Name of publisher, distributor, etc. Jaico Publishing House
300 ## - PHYSICAL DESCRIPTION
Extent 717
365 ## - TRADE PRICE
Currency code Rs.
Price amount 295.00
700 ## - ADDED ENTRY--PERSONAL NAME
Personal name Somasundaram K.
906 ## - LOCAL DATA ELEMENT F, LDF (RLIN)
d B:162/19.09.2005
c IT
b 118
Holdings
Withdrawn status Lost status Damaged status Not for loan Home library Current library Date acquired Vendor Budget Code Cost, normal purchase price Bill number Total Checkouts Full call number Barcode Date last seen Date last checked out Discount Cost, replacement price Bill Date Koha item type Original Barcode
        Cummins College of Engineering for Women Pune Cummins College of Engineering for Women Pune 26/09/2005 Classic Book IT 236.00 162/19.09.2005 3 005.2768 CCEP-BK-22294 10/02/2026 03/02/2026 118 295.00 19/09/2005 Books 022294